000 00501cam a22002054a 4500
005 20250605164317.0
008 250528s ||||||||||||||||||||||||d
035 _a22757
020 _a9780130620118
040 _aGR-AtMCL
_bgre
_dGR-AtMCL
_eAACR2
245 1 _aHISTORY OF ITALIAN RENAISSANCE ART
250 _a5
260 _bPrentice Hall,
_c2003
300 _a768
700 1 _aHartt Frederic
_98457
700 1 _aWilkins David G
_98350
942 _cBK
999 _c7802
_d7802